000
00304nam a22001097a 4500
008
170110b xxu||||| |||| 00| 0 eng d
020
_a
0071470581
041
_a
eng
080
_2
2ND
_a
618.2
245
_a
FIRST AID FOR THE USMLE STEP 2 CS
_c
LE ,T & BHUSHAN, V & SHEIKH-ALI, M & SHAHIN, F.A
942
_2
udc
_c
BK
999
_c
2629
_d
2629